| 000 | 00669nam a2200181 a 4500 | ||
|---|---|---|---|
| 001 | 000016825 | ||
| 005 | 20200929164952.0 | ||
| 008 | 100310s1983 dr 000 0 spa d | ||
| 040 |
_aDO-SdBNP _bspa _cBNPHU |
||
| 082 |
_axxx _bM489s |
||
| 110 | 1 |
_aRepública Dominicana. _bPresidencia de la República _917065 |
|
| 245 | 1 | 0 |
_aMedidas salvadoras del primer año de gobierno de concentración nacional / _cedición Héctor Pérez Tovar. |
| 250 | _a2a. ed. | ||
| 260 |
_aSanto Domingo : _bSecretariado Técnico de la Presidencia _fInstituto de Capacitación Tributaria _c1983. |
||
| 300 |
_a135 p. ; _c22 cm. |
||
| 700 | 1 |
_aPérez Tovar Héctor _eed. _937264 |
|
| 049 | _aBNPD | ||
| 999 |
_c16357 _d16357 |
||